Estacions de R3 - Estadísticas

Estadísticas generales
  • Esta prueba ha sido intentada 4 veces
  • La puntuación promedio es 3 de 6
Answers on the Grid
Answers color-coded by a green-red scale on the quiz's grid according to % correct below.
Balenyà-Els Hostalets
Figaró
La Garriga
L'Hospitalet de Llobregat
Lleida-Pirineus
Figueres
Calafell
Mataró
Sant Feliu de Llobregat
Cerdanyola-Universitat
Barcelona-Sants
Balenyà-Tona-Seva
 
Estadísticas de respuestas
Respuesta % Correcto
Barcelona-Sants
100%
L'Hospitalet de Llobregat
100%
Balenyà-Els Hostalets
50%
La Garriga
50%
Balenyà-Tona-Seva
0%
Figaró
0%
No se encontraron pruebas coincidentes
Distribución de puntuación
Porcentaje de gente con cada puntuación
Porcentaje por número respondido
Historial de tus puntuaciones
No has intentado esta prueba.